<?xml version="1.0" encoding="UTF-8"?>
<marc:record xmlns:marc="http://www.loc.gov/MARC21/slim">
   <marc:leader>00000nam a2200000 a 4500</marc:leader>
   <marc:datafield ind1=" " ind2=" " tag="653">
      <marc:subfield code="a">Kartenspiel</marc:subfield>
   </marc:datafield>
   <marc:datafield ind1=" " ind2=" " tag="653">
      <marc:subfield code="a">Familienspiel</marc:subfield>
   </marc:datafield>
   <marc:datafield ind1=" " ind2=" " tag="653">
      <marc:subfield code="a">Partyspiel</marc:subfield>
   </marc:datafield>
   <marc:datafield ind1=" " ind2=" " tag="653">
      <marc:subfield code="a">Party</marc:subfield>
   </marc:datafield>
   <marc:datafield ind1=" " ind2=" " tag="653">
      <marc:subfield code="a">Familie</marc:subfield>
   </marc:datafield>
   <marc:datafield ind1=" " ind2=" " tag="653">
      <marc:subfield code="a">ab 8 Jahren</marc:subfield>
   </marc:datafield>
   <marc:datafield ind1="0" ind2="0" tag="245">
      <marc:subfield code="a">What do you meme? Family - Partyspiel</marc:subfield>
   </marc:datafield>
   <marc:datafield ind1=" " ind2="1" tag="264">
      <marc:subfield code="a">New York</marc:subfield>
      <marc:subfield code="b">What do you meme LLC</marc:subfield>
      <marc:subfield code="c">2018</marc:subfield>
   </marc:datafield>
   <marc:datafield ind1="1" ind2=" " tag="520">
      <marc:subfield code="a">Der weltweite Bestseller „What Do You Meme?“ ist jetzt auch familienfreundlich geworden. In der „Family Edition“ gibt es keinen „Ab-18“-Content mehr, dafür aber viele neue Memes und 300 lustige und skurrile Textkarten. Dabei wird die ganze Familie in jeder Partie etwas zum Lachen haben, egal ob man aus der „Generation Meme“ kommt oder nicht.&#xD;
&#xD;
Spieleranzahl&#xD;
3 - 20&#xD;
&#xD;
Spieldauer&#xD;
30-90 Minuten&#xD;
&#xD;
Altersempfehlung&#xD;
8 - 99 Jahre</marc:subfield>
   </marc:datafield>
</marc:record>
